1034 1701 1141 1489 1871 1813 1531 1367 1737 1272 1111 1772 1370 1808 1807 1818 1486 1750 1221 1546 1016 1377 1658 1107 1029 1800 1961 1040 1173 1357 1598 1820 1692 1712 1809 1005 1617 1373 1127 1669 1861 1299 1040 1152 1187 1193 1684 1870 1584 1289 1840 1217 1679 1732 1070 1964 1870 1752 1603 1124 1413 1575 1332 1472 1027 1307 1056 1324 1114 1541 1456 1115 1768 1237 1772 1160 1680 1281 1181 1928 1515 1076 1760 1306 1456 1058 1352 1239 1041 1491 1839 1999 1387 1531 1033 1777 1694 1119 1253 BCNSPRNW ULIB Ver.6.0+V

เปลี่ยนเป็นภาษาไทย

Change to English
 แสดงรายละเอียดบรรณานุกรม
  กลับหน้าหลัก

Brief Record : Get Marc (ISO 2709) : E-mail record : QR code < ปิดหน้าต่าง
LEADER : 00000nam 2200000uu 4500
001    13399126327
003     ULIB
008    180909s2560||||th 000 0 tha d
020    ^a9786169283614
060    ^aWB105 พ265ก
100    ^aพรรณวิไล ตั้งกุลพานิชย์
245    ^aการฝึกปฏิบัติเวชหัตถการกู้ชีพขั้นสูง Course Workshop for Advance Resuscitative Procedures
250    ^aพิมพ์ครั้งที่ 1
260    ^aกรุงเทพฯ :^bวิทยาลัยแพทย์ฉุกเฉินแห่งประเทศไทย,^c2560
300    ^a220 หน้า^bภาพประกอบ
650    ^aการกู้ชีพ
650    ^aเวชศาสตร์ฉุกเฉิน
945    ^p500^l0^i26561
945    ^p500^l0^i26560
999    ^aกัณชพร จุลอักษร
รายการนี้ยังไม่มีแท็ก
คุณยังไม่ได้ล็อกอิน คุณสามารถมีกิจกรรมร่วมกับเว็บไซต์ได้ แต่ต้องล็อกอินก่อน ::
  ล็อกอิน

รายการสื่อสารสนเทศ

ลำดับที่ ประเภท เลขเรียก/บาร์โค้ด สถานที่ สถานะ
1. หนังสือสำรอง
หนังสือสำรอง
WB105 พ265ก ฉ.1 
  Barcode: 26560
ห้องสมุดวิทยาเขตนครสวรรค์
►หนังสือทั่วไป:l:General Books
บนชั้น
2. วิทยาศาสตร์การแพทย์ และสุขภาพ
วิทยาศาสตร์การแพทย์ และสุขภาพ
WB105 พ265ก ฉ.2 
  Barcode: 26561
ห้องสมุดวิทยาเขตนครสวรรค์
►หนังสือทั่วไป:l:General Books
บนชั้น

รายการใกล้เคียง
    ชื่อเรื่อง [การฝึกปฏิบัติเวชหัตถการกู้ชีพขั้นสูง Course Workshop for Advance Resuscitative Procedures]

    ผู้แต่ง [พรรณวิไล ตั้งกุลพานิชย์]

    หัวเรื่อง [การกู้ชีพ]
    หัวเรื่อง [เวชศาสตร์ฉุกเฉิน]

BibComment


ยังไม่เคยถูกคอมเมนท์

คอมเมนท์ทรัพยากรรายการนี้
  คอมเมนท์: การฝึกปฏิบัติเวช..


 Copyright 2026. Bcnsprnw @Library